El enorme cocodrilo / (Registro nro. 12736)

Detalles MARC
000 -CABECERA
campo de control de longitud fija 01393nam a22003737a 4500
003 - IDENTIFICADOR DEL NÚMERO DE CONTROL
campo de control DO-SdBPM
005 - FECHA Y HORA DE LA ÚLTIMA TRANSACCIÓN
campo de control 20250819104244.0
007 - CAMPO FIJO DE DESCRIPCIÓN FÍSICA--INFORMACIÓN GENERAL
campo de control de longitud fija ta
008 - DATOS DE LONGITUD FIJA--INFORMACIÓN GENERAL
campo de control de longitud fija 161031b1996 xx a 00| 0 spa d
020 ## - NÚMERO INTERNACIONAL ESTÁNDAR DEL LIBRO
Número Internacional Estándar del Libro 0673758389
040 ## - FUENTE DE LA CATALOGACIÓN
Centro catalogador/agencia de origen DO-SdBPM
Lengua de catalogación spa
Centro/agencia transcriptor BPMSU
Normas de descripción rda
082 #4 - NÚMERO DE LA CLASIFICACIÓN DECIMAL DEWEY
Número de clasificación 813
Número de documento/Ítem C953e 1996
Número de edición 22
100 1# - ENTRADA PRINCIPAL--NOMBRE DE PERSONA
Nombre de persona Crowninshield, Ethel
245 13 - MENCIÓN DE TÍTULO
Título El enorme cocodrilo /
Mención de responsabilidad, etc. Ethel Crowninshield ; adaptación Andrea Almada ; ilustraciones Elwood H. Smith ; traducción Patricia Almada, Mercedes Quintana Barragán, Natalia Ruano Martinez
264 ## - PRODUCCIÓN, PUBLICACIÓN, DISTRIBUCIÓN, FABRICACIÓN Y COPYRIGHT
Producción, publicación, distribución, fabricación y copyright Estados Unidos :
Nombre del de productor, editor, distribuidor, fabricante Celebration Press ;
-- Scott Foresman,
Fecha de producción, publicación, distribución, fabricación o copyright 1996.
300 ## - DESCRIPCIÓN FÍSICA
Extensión 8 páginas :
Otras características físicas ilustraciones ;
Dimensiones 18 cm.
336 ## - TIPO DE CONTENIDO
Término de tipo de contenido texto
Código de tipo de contenido txt
Fuente rdacontent
337 ## - TIPO DE MEDIO
Nombre/término del tipo de medio sin mediación
Código del tipo de medio n
Fuente rdamedia
338 ## - TIPO DE SOPORTE
Nombre/término del tipo de soporte volumen
Código del tipo de soporte nc
Fuente rdacarrier
490 0# - MENCIÓN DE SERIE
Mención de serie Pequeñitas celebraciones
590 ## - NOTA LOCAL (RLIN)
Nota local Inventariado, 2025/VM
650 #7 - PUNTO DE ACCESO ADICIONAL DE MATERIA--TÉRMINO DE MATERIA
Término de materia o nombre geográfico como elemento de entrada Cuentos infantiles estadounidense
650 #7 - PUNTO DE ACCESO ADICIONAL DE MATERIA--TÉRMINO DE MATERIA
Término de materia o nombre geográfico como elemento de entrada Libros ilustrados para niños
700 1# - PUNTO DE ACCESO ADICIONAL--NOMBRE DE PERSONA
Nombre de persona Smith, Elwood H.
Término indicativo de función/relación ilustración
700 1# - PUNTO DE ACCESO ADICIONAL--NOMBRE DE PERSONA
Nombre de persona Almada, Andrea
Término indicativo de función/relación adaptación
700 1# - PUNTO DE ACCESO ADICIONAL--NOMBRE DE PERSONA
Nombre de persona Almada, Patricia
Término indicativo de función/relación traductor
700 1# - PUNTO DE ACCESO ADICIONAL--NOMBRE DE PERSONA
Nombre de persona Quintana Barragán, Mercedes
Término indicativo de función/relación traductora
700 1# - PUNTO DE ACCESO ADICIONAL--NOMBRE DE PERSONA
Nombre de persona Ruano Martinez, Natalia
Término indicativo de función/relación traductora
830 #0 - PUNTO DE ACCESO ADICIONAL DE SERIE-TÍTULO UNIFORME
Título uniforme Pequeñitas celebraciones
910 ## - DATOS DE OPCIÓN DEL USUARIO (OCLC)
Datos de opción del usuario 000144
942 ## - ELEMENTOS DE PUNTO DE ACCESO ADICIONAL (KOHA)
Fuente del sistema de clasificación o colocación Dewey Decimal Classification
Tipo de ítem Koha Libros
945 ## - PROCESAMIENTO DE INFORMACIÓN LOCAL (OCLC)
a inventariado extranjero / DG
956 ## - LOCALIZACIÓN Y ACCESO ELECTRÓNICOS LOCAL (OCLC)
Método de acceso YLOCKWARD
Especificación de materiales 10
Enlace entre campo y número de secuencia BPMSU
Nombre del host Yngrid Lockward
Existencias
Estado de retiro Estado de pérdida Fuente del sistema de clasificación o colocación No para préstamo Código de colección Localización permanente Ubicación/localización actual Fecha de adquisición Fuente de adquisición Total de préstamos Signatura topográfica completa Código de barras Fecha visto por última vez Precio válido a partir de Tipo de ítem Koha
    Dewey Decimal Classification   Colección Infantil General Biblioteca Pública Metropolitana Salomé Ureña Biblioteca Pública Metropolitana Salomé Ureña 10/31/2017 Biblioteca Infantil Juvenil República Dominicana   BPMSU CGI 813 C953e 1996 BPMSU17100198 10/31/2017 10/31/2017 Libros